• 首页
  • 本馆介绍
  • 公告通知
  • 最新文献
  • 馆藏检索
  • 电子资源
  • 读者导购
  • 参考咨询
  • 我的图书馆
  • 登录
  • 详细信息显示
  • 放入我的书架
  • 预约/预借图书
  • 作者相关作品
  • 分类相关作品
  • 丛书相关作品
  • 出版社相关作品

书目信息

  • 表格格式
  • 工作单格式
  • 卡片格式
题名:
跳水竞赛规则
    
 
作者: ;国家体育运动委员会 审定
分册:  
出版信息: 北京   人民体育出版社  1965
页数: 127页
开本: 13cm
丛书名:
单 册:
中图分类: G861.24
科图分类:
主题词: 跳水-竞赛规则--1979 , 竞赛规则-跳水--1979 , 冰上运动 , 雪上运动 , 水上运动
电子资源:
ISBN:
000 00789nam0 2200289 45
001 0179003860
005 20060815082459.76
010    @dCNY0.23
091    @a7015.1729
100    @a19950717d1965 em y0chiy0121 ea
101 0  @achi
102    @aCN@b110000
105    @ay z 000yy
200 10 @a跳水竞赛规则@Atiao shui jing sai gui ze@e1974-1976@f国家体育运动委员会审定
205    @a2版
210    @a北京@c人民体育出版社@d1965
215    @a127页@d13cm
517 1  @a1974-1976
606    @a跳水-竞赛规则@z1979
606    @a竞赛规则-跳水@z1979
606 0  @a冰上运动
606 0  @a雪上运动
606 0  @a水上运动
690    @aG861.24
711 02 @a国家体育运动委员会@Aguo jia ti yu yun dong wei yuan hui@4审定
801  0 @aCN@bNLC@c20060815
905    @f1@b32007@dG861.24@e3=2
    
    跳水竞赛规则:1974-1976/国家体育运动委员会审定.-2版.-北京:人民体育出版社,1965
    127页;13cm
    
    
    ISBN :CNY0.23
    
●
相关链接 在E读中查询图书 在五车中查询图书 在当当中查询图书 在豆瓣中查询图书


正题名:跳水竞赛规则     索取号:G861.24/3=2         预约/预借

序号 登录号 条形码 馆藏地/架位号 状态 备注
1 0460056   204600565   密集书库/ [索取号:G861.24/3=2] 在馆    
2 0460057   204600574   密集书库/ [索取号:G861.24/3=2] 在馆    
唐山师范学院图书馆 欢迎您!
大连网信软件有限公司© 版权所有